000 00882nam a22002537a 4500
999 _c5697
_d5697
003 OSt
005 20251015090222.0
008 251015b ||||| |||| 00| 0 eng d
020 _a9781474927802
_qbook set
040 _cKH8
082 _aFIC DAY
100 _aDaynes, Katie,
_eauthor.
245 _aThe Story of Cars /
_cKatie Daynes and illustrated by Adam Larkum.
260 _aEngland ;
_bUsborne Publishing Ltd ,
_c2007.
300 _a64 pages :
_bcolor illustrations ;
_c20 cm.
490 _aUsborne Young Reading
_vseries two
520 _aZoom through the decades, following the fascinating story of cars, and meet great inventors, designers and dreamers along the way.
650 _aEasy reading
_vfiction
650 _aStory book
_vfiction
650 _aYoung readers
700 _aLarkum, Adam,
_eillustrator.
830 _aUsborne Young Reading
942 _2ddc
_cFIC